LEADER 01245nam1-2200433---450- 001 990000732980203316 005 20050518173700.0 010 $a88-263-0461-0 035 $a0073298 035 $aUSA010073298 035 $a(ALEPH)000073298USA01 035 $a0073298 100 $a20011112d1988----km-y0itay0103----ba 101 $aita 102 $aIT 105 $a||||||||001yy 200 1 $aVangeli e storia$fPierre Grelot$gtraduzione di Carlo Valentino 210 $aRoma$cBorla$d1988 215 $a313 p$d21 cm 410 $12001 461 $10010073293$12001$aIntroduzione al Nuovo Testamento 606 0 $aBibbia$xNuovo Testamento 676 $a225. 702 1$aGEORGE,$bAugustin 702 1$aGRELOT,$bPierre 702 1$aFABRIS,$bRinaldo 702 1$aCARLO,$bValentino 801 0$aIT$bsalbc$gISBD 912 $a990000732980203316 951 $aII 2 2569(XIV COLL. 64/6)$b113741 LM$cXIV COLL 959 $aBK 969 $aUMA 979 $aPATTY$b90$c20011112$lUSA01$h1416 979 $aPATTY$b90$c20011112$lUSA01$h1427 979 $c20020403$lUSA01$h1721 979 $aPATRY$b90$c20040406$lUSA01$h1650 979 $aCOPAT7$b90$c20050518$lUSA01$h1737 996 $aVangeli e storia$9964082 997 $aUNISA LEADER 00964nam a22002651i 4500 001 991002285219707536 005 20040227182808.0 008 040407s1954 it |||||||||||||||||ita 035 $ab12899355-39ule_inst 035 $aARCHE-087897$9ExL 040 $aDip.to Scienze Storiche$bita$cA.t.i. Arché s.c.r.l. Pandora Sicilia s.r.l. 082 04$a914.52 110 2 $aTouring club italiano$05623 245 10$aLombardia :$beccetto Milano e laghi 250 $a7. ed. 260 $aMilano :$bTouring club italiano,$c1954 300 $a605 p., [24] c. di tav. ;$c16 cm 440 0$aGuida d'Italia del Touring club italiano ;$v2 651 4$aLombardia$xGuide 907 $a.b12899355$b02-04-14$c16-04-04 912 $a991002285219707536 945 $aLE009 ENC.GEOG.26/2$g1$i2009000328815$lle009$o-$pE0.00$q-$rn$so $t0$u0$v0$w0$x0$y.i13464413$z16-04-04 996 $aLombardia$9148875 997 $aUNISALENTO 998 $ale009$b16-04-04$cm$da $e-$fita$git $h0$i1